| 000 | 00723nam a2200205 4500 | ||
|---|---|---|---|
| 001 | 119548 | ||
| 003 | ES-MaACL | ||
| 005 | 20230906191334.0 | ||
| 007 | t| | ||
| 008 | 070214s1948 sp r ||||1| spa d | ||
| 100 | 1 |
_aPigou, Arthur Cecil. _992004 |
|
| 245 | 1 | 3 |
_aLa renta _b: introducción a la economía / _cArthur Cecil Pigou ; traducción de Emilio de Figueroa. |
| 260 |
_aMadrid : _bRevista de Derecho Privado, _c1948. |
||
| 300 |
_a166 p. ; _c19 cm. |
||
| 490 | 1 | _aSerie E. Tratados y monografías de economía y hacienda | |
| 700 | 1 |
_aFigueroa, Emilio de. _950780 |
|
| 830 | 0 |
_aSerie E. Tratados y monografías de economía y hacienda _9218604 |
|
| 852 |
_aES-MaACL _jC-5134 _bR.25857 |
||
| 999 |
_c119548 _d119548 |
||